000 00506nam a2200205Ia 4500
001 274
003 GE_BSU
008 181216s||||||||xx |||||||||||||| ||und||
040 _cGE_BSU
080 _a821.353.1-1
100 _aანანიძე, ლევან
245 _aდედაშვილობა
260 _aბათუმი
260 _bაჭარა
260 _c1997
300 _a68 გვ.
541 _h4 ლ.
653 _aდედაშვილობა
942 _cBK
999 _c34524
_d34524